| 000 | 02114nam a22003617a 4500 | ||
|---|---|---|---|
| 001 | 1544 | ||
| 003 | FISKH | ||
| 005 | 20230907154640.0 | ||
| 008 | 230906b cb ||||| |||| 00| 0 khr d | ||
| 020 | _a9789924340614 | ||
| 040 |
_aFISKH _beng _cFISKH _dFISKH |
||
| 082 | _a333.952 | ||
| 100 | _aSarith, Huot | ||
| 245 |
_aជីវៈចម្រុះនៅទន្លេមេគង្គ និង បឹងទន្លេសាប / _cនិពន្ធដោយ ហួត សារិទ្ធ, ប៊ុត សុផល, ឆាយ ដាវីន និង Nathalie Tordjman - ប្រឹក្សាយោបល់ដោយ Françoise Récamier |
||
| 250 | _aបោះពុម្ពលើកទី ២ សីហា ២០២១ | ||
| 260 |
_aPhnom Penh : _bSipar, _c2021. |
||
| 300 |
_a37 pages : _bmap ; color illustrations ; _c25 cm |
||
| 490 | _aស្វែងយល់ពី | ||
| 505 | _aZ | ||
| 520 | _aស្វែងយល់ពីជីវចម្រុះនៃទន្លេមេគង្គ និងបឹងទន្លេសាប ដើម្បីដឹងពីជីវភាពរស់នៅរបស់មនុស្ស សត្វស្លាប សត្វក្នុងទឹក និងរុក្ខជាតិផ្សេងៗ រួមជាមួយនឹងរដូវទឹកជំនន់ និងរដូវប្រាំង។ | ||
| 520 | _aDiscover Biodiversity of Mekong and Tonle Sap Lake to know the livelihood of people, birds, water animals and various plants along with flooded season and dried season. | ||
| 521 | 8 |
_a890
_bLexile estimate |
|
| 521 | 8 |
_aZ
_bRaz-Plus |
|
| 650 |
_aជីវៈចម្រុះ _vធម្មជាតិ _xរដូវ _yការរស់នៅ |
||
| 650 |
_aBiodiversity _vNature _xSeason _yLiving |
||
| 700 |
_aSophal Bot _eAuthor |
||
| 700 |
_aDavin, Chhay _eAuthor |
||
| 700 |
_aTordjman, Nathalie _eAuthor |
||
| 700 |
_aVisal, Seng _eillustrator |
||
| 700 |
_aRatha, Ouk _eillustrator |
||
| 700 |
_dVisoth, Seng _eillustrator |
||
| 942 |
_2ddc _cBK _n0 |
||
| 999 |
_c1544 _d1544 |
||